| 000 | 00828nam a22002657a 4500 | ||
|---|---|---|---|
| 001 | 5623 | ||
| 003 | FISKH | ||
| 005 | 20251126133255.0 | ||
| 008 | 241220b cb ||||| |||| 00| 0 eng d | ||
| 020 | _a9781407110806 | ||
| 040 |
_aFISKH _beng _cFISKH _dFISKH |
||
| 050 | _aGB453.G35 | ||
| 082 | _a551.457 | ||
| 100 | _aGaneri, Anita | ||
| 245 |
_aCracking coasts / _cBy Anita Ganeri : Illustrated By Mike Phillips |
||
| 260 |
_aNew York : _bScholastic ; _c2006. |
||
| 300 |
_a126 pages : _billustrations ; _c21 cm . |
||
| 490 | _aHorrible geography | ||
| 520 | _aDealing with geography, this book features the Giant's Causeway, Skeleton Coast, and more. | ||
| 650 |
_ageography _vNon-fiction |
||
| 650 |
_acoasts _vNon-fiction |
||
| 700 |
_aPhillips, Mike _eillustrator |
||
| 942 |
_2ddc _cBK _n0 |
||
| 999 |
_c5623 _d5623 |
||